Nimeä eri auto logot! pt2 - Statistics

Yleistilastot
  • Tätä visaa on pelattu 93 kertaa
  • Keskiarvotulos 8 / 16
Vastaustilastot
Kuvavisa Hint Vastaus % Oikein
Valmsitusmaa USA Jeep
95%
Valmsitusmaa Ranska Citroen
93%
Valmsitusmaa Espanja Seat
87%
Valmsitusmaa Italia Fiat
82%
Valmsitusmaa Japani Mitsubishi
82%
Valmistusmaa Ruotsi/Suomi Saab
79%
Valmsitusmaa Iso Britannia Land Rover
72%
Valmsitusmaa Romania Dacia
61%
Valmsitusmaa Venäjä Lada
55%
Valmsitusmaa USA Cadillac
39%
Valmsitusmaa USA Pontiac
30%
Valmsitusmaa Iso Britannia Vauxhall
23%
Valmsitusmaa Japani Datsun
20%
Valmsitusmaa Iso Britannia Morris
15%
Valmsitusmaa Itä-Saksa Wartburg
10%
Valmsitusmaa Venäjä GAZ
7%
Ehtoja vastaavia visoja ei löytynyt
Tulosjakauma
Jokaisen tuloksen saaneiden osuus
Persentiili vastausten määrän mukaan
Tuloshistoriasi
Et ole pelannut tätä visaa